000 00570cam a22002053a 4500
001 35915
003 PGUSA
005 20140828083755.0
008 110418s2011||||xxu|||||s|||||000 | eng d
040 _aPGUSA
_beng
042 _adc
100 1 _aStarr, Frederick,
_d1858-1933
245 1 0 _aAmerican Indians
_h[electronic resource] /
_cFrederick Starr
260 _bProject Gutenberg,
_c2011
506 _aPublic domain in the USA.
516 _aElectronic text
830 0 _aProject Gutenberg
_v35915
856 4 0 _uhttp://www.gutenberg.org/ebooks/35915
942 _cEB
999 _c265170
_d265170